Themed General Knowledge Questions #1 - Statistics

General Stats
  • This quiz has been taken 48 times
  • The average score is 6 of 10
Answer Stats
Question Answer % Correct
Which of these are an animal? Coral
95%
What are types of cheese commonly named after? Where it was first made
90%
What two countries were warring in the 100 years war? England, France
86%
Which of these are not a book of the bible? Philippines
74%
Which of these author names are not a pseudonym? Ray Bradbury
69%
What word in this sentence is grammatically wrong: 'I have less shoes than him' Less
62%
Which song did Mozart supposedly compose when he was three (he didn't)? Twinkle twinkle little star
50%
What is the chemical formular of glucose? C6H12O6
43%
Which of these countries are doubly land-locked? Uzbekistan
43%
Finish the next three letters of the pattern: OTTFFSS___ ENT
36%
No matching quizzes found
Score Distribution
Percent of People with Each Score
Percentile by Number Answered
Your Score History
You have not taken this quiz